000 01148cam a2200205 4500
001 WS114290
008 090521n 000 0 eng u
035 _a(Sirsi) u114290
245 4 _aThe Property Ombudsman (TPO)
520 _aThe Property Ombudsman provides a free, fair and independent service for dealing with unresolved disputes between sales and letting agents who have joined the TPO and consumers who are actual or potential buyers or sellers or landlords or tenants of residential property in the UK. The site includes their Code of Practice, details of the complaints procedure, a guide for consumers, governance, its annual report and a list of members. Name changed from Ombudsman for Estate Agents (OEA), in May 2009.
650 _aOMBUDSMAN FOR CORPORATE ESTATE AGENTS
650 2 4 _aTHE PROPERTY OMBUDSMAN (TPO)
650 _aOMBUDSMAN FOR ESTATE AGENTS
650 _aCODE OF PRACTICE
650 _aESTATE AGENTS
650 _aCOMPLAINTS PROCEDURES
690 _aMANAGEMENT-BUSINESS MANAGEMENT-PROFESSIONAL PRACTICE
856 4 0 _uhttps://www.tpos.co.uk
_zView the website free of charge at www.tpos.co.uk...
942 _n0
999 _c119864
_d119864